00329nam a2200121Ia 4500008004100000041000800041082001600049100001700065245004400082260004000126300003200166365000900198240624s9999 xx 000 0 und d aeng a332.092 MEA aMEANS HOWARD aMONEY AND POWER THE HISTORY OF BUSINESS c2001aNew YorkbJohn Wiley and Sons axiii, : 274 : p. : cm. ; 23 cb35